000
00274nam a2200109Ia 4500
008
200302s9999 xx 000 0 und d
100
_a
Emily Abruzzo
245
_a
306090 08, Auronomous urbanism
260
_b
Princeton Architectural Press
260
_c
2005
300
_a
160 P.,
999
_c
2952
_d
2952